| 000 | 01518nam a22002297a 4500 | ||
|---|---|---|---|
| 999 |
_c56955 _d56955 |
||
| 003 | Ge_BSU | ||
| 005 | 20221221152624.0 | ||
| 008 | 190722s2019 ge ||||| |||| 00| 0 geo d | ||
| 041 | _ageo | ||
| 080 | _a821.353.1 ბ-86 | ||
| 100 |
_aბორჩხაძე, კესო. _93282 |
||
| 245 |
_aეგერიას ''მოგზაურობა'' და ქართული ლიტურგიკული პრაქტიკა V - X საუკუნეებში / _cკესო ბორჩხაძე ; სამეცნ. ხელმძღ. მარინე გიორგაძე. |
||
| 264 |
_aბათუმი : _bბსუ, _c2019. |
||
| 300 |
_a113 გვ .: _c30 სმ. |
||
| 653 | _aეგერიას ''მოგზაურობა'' და ქართული ლიტურგიკული პრაქტიკა V - X საუკუნეებში | ||
| 653 | _aდისერტაცია | ||
| 653 | _aლიტერატურა | ||
| 700 |
_aგიორგაძე, მარუნე _eსამეცნიერო ხელმძღვანელი _93283 |
||
| 710 |
_aბათუმის შოთა რუსთაველის სახელმწიფო უნივერსიტეტი _93284 |
||
| 710 |
_aჰუმანიტარულ მეცნიერებათა ფაკულტეტი ევროპეისტიკის დეპარტამენტი _93276 |
||
| 942 |
_2udc _cDS |
||